000 00685nam a2200241Ia 4500
003 OSt
005 20220926011521.0
006 a|||||r|||| 00| 0
007 ta
008 220923b |||||||| |||| 00| 0 eng d
037 _cGeneral Book
040 _aRTL
_cRTL
_beng
041 _2eng
_aeng
082 _aWy71, K0;9
100 _aAlmond Gabriel A
_9120490
245 0 _aPolitics of the developing areas
260 _aNew Jersey
_bPrincton Univ.Press
_c1960
300 _a591p
_ccm.
650 _aPolitical Science
700 _a Coleman James S
_9115688
942 _hWy71, K0;9
_cGB
_2CC
999 _c620311
_d620311